000 01106nam0a2200301 4500
001 RU\NLR\BIBL_A\012734217
005 20250624134457.0
010 _95000
035 _a(NLR Aleph) 012734217
090 _a13307853
_c13307853
100 _a20220318d1950 |||y0rusy50 ca
101 0 _aaze
102 _aAZ
105 _aa z 000 y
181 0 _ai
_baxxe
182 0 _an
200 1 _aАзәрбаjҹан ССР-дә түтүнчүлүк габагҹылларынын иш тәҹрүбәләри
_fС. С. Мелкумов, И. Э. Амитов
203 _aТекст
_bвизуальный
_cнепосредственный
210 _aБакы
_cАзәрнәшр
_d1950
215 _a40, [2] с.
_cшәк.
_d20
225 1 _aКәнд тәсәррүфаты габагҹыллары
541 1 _aОпыт работы передовиков табаководства Азербайджанской ССР
_zrus
700 1 _aМелкумов
_bС. С.
_4070
701 1 _aАмитов
_bИ. Э.
_4070
852 _aNLR
_bОНЛ
_jАзерб./2-5722
942 _cBOOK
980 _aNB